ILO programme implementation 2000-01 International Labour Conference, 90th session 2002 : report of the director-general

Podrobná bibliografia
Korporatívny autor: Medzinárodná organizácia práce (Autor)
Médium: Kniha
Jazyk:angličtina
Fyzický popis:ix, 114 s. ilustr., tab. 30 cm
Vydavateľské údaje: Geneva International Labour Office 2002
ISBN:9221124177
Vydanie:1st publ.
Predmet:

MARC

LEADER 00000nam a2200000 a 4500
001 vtls001446801
003 SK-MaSNL
005 20260301073630.0
008 021218s2002 CH a r 0 eng
020 |a 9221124177  |c [597,00] 
035 |a SNK000402054 
040 |a SNK  |b slo  |c SNK  |e AACR2 
044 |a CH 
072 7 |a 316.33  |x Ekonomická sociológia. Sociológia inštitúcií, ľudských sídiel a komunít  |2 konspekt 
080 |a 331  |2 1981 
080 |a 331.102  |2 1981 
080 |a 316.75.2  |2 1981 
080 |a (048.8)  |2 1981 
110 0 |a Medzinárodná organizácia práce  |4 aut  |9 18131 
245 1 |a ILO programme implementation 2000-01  |b International Labour Conference, 90th session 2002 : report of the director-general 
250 |a 1st publ. 
260 |a Geneva  |b International Labour Office  |c 2002 
300 |a ix, 114 s.  |b ilustr., tab.  |c 30 cm 
650 0 7 |a práca  |z krajiny sveta  |2 SNKPH  |9 395008 
650 0 7 |a zamestnanie  |z krajiny sveta  |2 SNKPH  |9 395009 
650 0 7 |a hodnotová orientácia  |z krajiny sveta  |2 SNKPH  |9 395010 
655 7 |a štúdie  |2 SNKPH  |9 57033 
919 |a 92-2-112417-7 
999 |c 644754  |d 646684 
952 |t s  |a SNK  |b SNK  |y VYP  |7 0  |p 17A0372474  |o snkOIB 2652  |i snkV 216/2003  |8 2  |0 0  |1 0  |4 0  |d 2003-02-03  |l 0  |r 2005-01-02 00:00:00  |w 2026-02-23